00738nam a2200169 a 450000100100000000500170001000800410002704000250006808200160009311000980010924501050020726000360031230000340034865000440038270000440042671000980047000000503920250607073643.0090729s1982 dr ab 000 0 spa d aDO-SdBNPbspacBNPHU axxxxbR426s1 aRepública Dominicana. b Secretaria de Estado de Salud Pública y Asistencia Social (2001)10aSalud pública :bcuatro años de gobierno (1978-1982) /cprólogo José Rodríguez Soldevilla. aSanto Domingo :bSESPAS,c1982. a263 p. :bil., map. ;c25 cm. 4aSalud públicazRepública Dominicana1 aRodríguez Soldevilla, Joséepról.1 aRepública Dominicana. b Secretaria de Estado de Salud Pública y Asistencia Social (2001)